000 00425nam a2200169Ia 4500
005 20250508150335.0
008 008 250505s9999 xx 000 0 eng d
037 _aTextual
040 _aFEDL
_beng
_cFEDL
041 _aeng
_2eng
084 _a920, PHE
_qFEDL
100 _aPhelps Gilbert Ed.
_9756445
245 0 _aLiving writers
300 _a157p
942 _cTEXL
_h920, PHE
999 _c1323089
_d1323089